00474nam a2200157Ia 4500008004100000020002900041082001600070100001900086245004300105250001300148260006100161300003000222650002400252700001800276852002200294190805s9999||||xx |||||||||||||| ||und|| a9789251610809cRs.375.0004a657.45bP141 aPagare, Dinkar10aPrinciples and practice of Auditing /  a12th ed. aNew Delhi : bSultan Chand & Sons,c2016, reprinted 2017 axi, 433 p.b : c; 24 cm. 0aAuditingvTextbooks1 aPagare, Rahul aIMU Kochi Library